[Event "EYCC 2024 - G14"]
[Site "?"]
[Date "2024.08.26"]
[Round "5.10"]
[White "Slivova, Linda"]
[Black "Wagner, Cosima Thien-An"]
[Result "1/2-1/2"]
[BlackElo "1766"]
[WhiteElo "1963"]
[LiveChessVersion "1.4.8"]

1. d4 {[%clk 1:30:55]} d5 {[%clk 1:30:57]} 2. Bf4 {[%clk 1:31:15]} Nf6
{[%clk 1:31:06]} 3. Nf3 {[%clk 1:31:37]} e6 {[%clk 1:31:15]} 4. e3
{[%clk 1:31:57]} c5 {[%clk 1:31:39]} 5. Nbd2 {[%clk 1:31:46]} Bd6
{[%clk 1:31:21]} 6. Bg3 {[%clk 1:31:49]} Nc6 {[%clk 1:31:38]} 7. c3
{[%clk 1:31:31]} c4 {[%clk 1:31:53]} 8. b3 {[%clk 1:27:57]} b5 {[%clk 1:32:08]}
9. a4 {[%clk 1:24:09]} b4 {[%clk 1:30:27]} 10. bxc4 {[%clk 1:09:59]} bxc3
{[%clk 1:29:16]} 11. Nb3 {[%clk 1:09:54]} dxc4 {[%clk 1:19:38]} 12. Bxc4
{[%clk 1:05:12]} O-O {[%clk 1:17:12]} 13. O-O {[%clk 1:04:03]} Bxg3
{[%clk 1:13:01]} 14. hxg3 {[%clk 1:04:17]} Na5 {[%clk 1:04:40]} 15. Bd3
{[%clk 0:59:48]} Rb8 {[%clk 0:58:19]} 16. Rb1 {[%clk 0:56:29]} Bd7
{[%clk 0:42:17]} 17. Nc5 {[%clk 0:54:00]} Rc8 {[%clk 0:22:59]} 18. Qc2
{[%clk 0:46:32]} Bc6 {[%clk 0:16:08]} 19. Rfc1 {[%clk 0:37:00]} Bxf3
{[%clk 0:12:58]} 20. gxf3 {[%clk 0:37:14]} e5 {[%clk 0:11:58]} 21. Qxc3
{[%clk 0:33:51]} exd4 {[%clk 0:12:00]} 22. exd4 {[%clk 0:31:20]} Nc6
{[%clk 0:11:28]} 23. Ba6 {[%clk 0:30:21]} Rc7 {[%clk 0:10:30]} 24. Rd1
{[%clk 0:30:24]} Nb8 {[%clk 0:09:22]} 25. Bc4 {[%clk 0:26:38]} Nbd7
{[%clk 0:09:16]} 26. Nxd7 {[%clk 0:21:46]} Qxd7 {[%clk 0:08:55]} 27. Qb3
{[%clk 0:20:46]} Rfc8 {[%clk 0:07:27]} 28. Ba6 {[%clk 0:18:49]} Rd8
{[%clk 0:06:57]} 29. d5 {[%clk 0:14:31]} Rc5 {[%clk 0:05:40]} 30. Bc4
{[%clk 0:13:15]} h6 {[%clk 0:05:15]} 31. Rd4 {[%clk 0:12:39]} Ne8
{[%clk 0:04:12]} 32. Bb5 {[%clk 0:11:33]} Qd6 {[%clk 0:04:16]} 33. Rbd1
{[%clk 0:10:37]} a6 {[%clk 0:03:41]} 34. Bc4 {[%clk 0:09:31]} Ra5
{[%clk 0:04:01]} 35. Qa2 {[%clk 0:07:56]} Nf6 {[%clk 0:03:55]} 36. Bb3 Nd7
{[%clk 0:04:13]} 37. Qd2 {[%clk 0:06:21]} Rc5 {[%clk 0:04:06]} 38. Rc1
{[%clk 0:05:50]} Ne5 {[%clk 0:03:58]} 39. Kg2 {[%clk 0:05:23]} Rdc8
{[%clk 0:03:42]} 40. Rxc5 {[%clk 0:05:27]} Rxc5 {[%clk 0:04:04]} 41. Qb4
{[%clk 0:05:12]} a5 {[%clk 0:03:52]} 42. Qe1 {[%clk 0:04:48]} Kh7
{[%clk 0:03:25]} 43. Qe4+ {[%clk 0:05:03]} g6 {[%clk 0:03:37]} 44. Qf4
{[%clk 0:05:02]} Rc3 {[%clk 0:02:54]} 45. Bc4 {[%clk 0:01:56]} Rxf3
{[%clk 0:02:28]} 46. Qe4 {[%clk 0:01:31]} Rf5 {[%clk 0:02:10]} 47. Bb5
{[%clk 0:00:54]} Nd7 {[%clk 0:02:08]} 48. Bc6 {[%clk 0:00:41]} Nf6
{[%clk 0:02:03]} 49. Qd3 {[%clk 0:00:52]} Ng8 {[%clk 0:00:56]} 50. Qd2
{[%clk 0:00:49]} Ne7 {[%clk 0:01:12]} 51. Bb5 {[%clk 0:00:36]} Qd8
{[%clk 0:00:55]} 52. d6 {[%clk 0:00:47]} Nc8 {[%clk 0:00:48]} 53. d7
{[%clk 0:00:54]} Ne7 {[%clk 0:00:43]} 54. Re4 {[%clk 0:00:36]} Qa8
{[%clk 0:00:33]} 55. d8=Q Qxe4+ {[%clk 0:01:00]} 56. Kg1 {[%clk 0:00:50]} Rh5
{[%clk 0:01:11]} 57. f3 {[%clk 0:00:42]} Qxf3 {[%clk 0:01:34]} 58. Qg2
{[%clk 0:01:04]} Qe3+ {[%clk 0:01:45]} 59. Qf2 {[%clk 0:01:04]} Rh1+
{[%clk 0:01:40]} 60. Kxh1 {[%clk 0:01:23]} Qxf2 {[%clk 0:02:05]} 61. Qxe7
{[%clk 0:00:51]} Qf3+ {[%clk 0:02:26]} 1/2-1/2

[Event "EYCC 2024 - G14"]
[Site "?"]
[Date "2024.08.26"]
[Round "5.11"]
[White "Mitraka, Chrysa"]
[Black "Trunz, Tamila"]
[Result "1/2-1/2"]
[BlackElo "1962"]
[WhiteElo "1724"]
[LiveChessVersion "1.4.8"]

1. d4 {[%clk 1:30:55]} Nf6 {[%clk 1:30:53]} 2. c4 {[%clk 1:31:17]} e6
{[%clk 1:31:18]} 3. Nc3 {[%clk 1:31:38]} Bb4 {[%clk 1:31:35]} 4. Qc2
{[%clk 1:28:34]} O-O {[%clk 1:31:02]} 5. a3 {[%clk 1:27:04]} Bxc3+
{[%clk 1:31:17]} 6. Qxc3 {[%clk 1:27:22]} b6 {[%clk 1:29:11]} 7. f3
{[%clk 1:22:52]} Bb7 {[%clk 1:20:48]} 8. e4 {[%clk 1:17:28]} d6 {[%clk 1:07:10]}
9. Bd3 {[%clk 1:07:24]} c5 {[%clk 1:04:30]} 10. d5 {[%clk 1:03:53]} exd5
{[%clk 0:54:29]} 11. cxd5 {[%clk 1:02:23]} Nfd7 {[%clk 0:44:47]} 12. Ne2
{[%clk 0:58:42]} Ne5 {[%clk 0:42:40]} 13. O-O {[%clk 0:56:13]} Nxd3
{[%clk 0:41:55]} 14. Qxd3 {[%clk 0:56:19]} Ba6 {[%clk 0:42:17]} 15. Qc2
{[%clk 0:54:15]} Nd7 {[%clk 0:41:17]} 16. Bf4 {[%clk 0:49:25]} Qf6
{[%clk 0:39:48]} 17. Bg3 {[%clk 0:43:40]} Ne5 {[%clk 0:39:13]} 18. Rfd1
{[%clk 0:39:32]} Rfe8 {[%clk 0:32:27]} 19. Nc3 {[%clk 0:30:37]} h5
{[%clk 0:26:19]} 20. Bxe5 {[%clk 0:26:06]} Rxe5 {[%clk 0:25:08]} 21. Qf2
{[%clk 0:25:58]} Rae8 {[%clk 0:23:08]} 22. Re1 {[%clk 0:23:19]} R5e7
{[%clk 0:21:33]} 23. Rad1 {[%clk 0:22:06]} g5 {[%clk 0:17:34]} 24. h3
{[%clk 0:19:12]} h4 {[%clk 0:17:21]} 25. Rd2 {[%clk 0:17:29]} Bc4
{[%clk 0:15:54]} 26. Rdd1 {[%clk 0:15:34]} Re5 {[%clk 0:14:32]} 27. Rd2
{[%clk 0:15:03]} 1/2-1/2

[Event "EYCC 2024 - G14"]
[Site "?"]
[Date "2024.08.26"]
[Round "5.12"]
[White "Velychko, Sofiya"]
[Black "Bauer, Laura Sophie"]
[Result "1/2-1/2"]
[BlackElo "1943"]
[WhiteElo "1691"]
[LiveChessVersion "1.4.8"]

1. e4 {[%clk 1:30:58]} e5 {[%clk 1:30:54]} 2. Nf3 {[%clk 1:31:21]} Nc6
{[%clk 1:31:18]} 3. d4 {[%clk 1:31:37]} exd4 {[%clk 1:31:40]} 4. Nxd4
{[%clk 1:32:00]} Qf6 {[%clk 1:32:03]} 5. Be3 {[%clk 1:28:12]} Bc5
{[%clk 1:32:08]} 6. c3 {[%clk 1:27:47]} Nge7 {[%clk 1:31:59]} 7. Be2
{[%clk 1:27:00]} O-O {[%clk 1:31:03]} 8. O-O {[%clk 1:26:32]} Bb6
{[%clk 1:30:02]} 9. Na3 {[%clk 1:25:04]} d5 {[%clk 1:21:25]} 10. Nxc6
{[%clk 1:21:29]} bxc6 {[%clk 1:21:16]} 11. exd5 {[%clk 1:15:13]} cxd5
{[%clk 1:16:33]} 12. Bd4 {[%clk 1:10:14]} Qg6 {[%clk 1:09:36]} 13. Bxb6
{[%clk 1:04:24]} axb6 {[%clk 1:07:24]} 14. c4 {[%clk 1:03:07]} Be6
{[%clk 1:04:45]} 15. Nb5 {[%clk 1:00:13]} c6 {[%clk 1:01:32]} 16. Bh5
{[%clk 0:57:03]} Qf6 {[%clk 0:58:54]} 17. Nc7 {[%clk 0:56:44]} Rad8
{[%clk 0:58:21]} 18. Nxe6 {[%clk 0:56:21]} fxe6 {[%clk 0:58:03]} 19. Qe2
{[%clk 0:55:36]} Nf5 {[%clk 0:54:27]} 20. Rad1 {[%clk 0:49:46]} Nd6
{[%clk 0:44:53]} 21. cxd5 {[%clk 0:46:57]} exd5 {[%clk 0:44:43]} 22. Rfe1
{[%clk 0:46:01]} g6 {[%clk 0:43:47]} 23. Bf3 {[%clk 0:44:33]} Rde8
{[%clk 0:39:34]} 24. Qc2 {[%clk 0:43:46]} Nf5 {[%clk 0:35:01]} 25. Qc3
{[%clk 0:35:54]} Nd4 {[%clk 0:30:24]} 26. Rxe8 Rxe8 {[%clk 0:29:53]} 27. Kf1
{[%clk 0:33:36]} c5 {[%clk 0:22:44]} 28. Bxd5+ {[%clk 0:32:37]} Kg7
{[%clk 0:19:47]} 29. Bf3 {[%clk 0:28:05]} Qe5 {[%clk 0:15:43]} 30. Kg1
{[%clk 0:22:50]} Ne2+ {[%clk 0:15:33]} 31. Bxe2 {[%clk 0:22:38]} Qxc3
{[%clk 0:15:59]} 32. bxc3 {[%clk 0:22:24]} Rxe2 {[%clk 0:16:22]} 33. Kf1
{[%clk 0:22:36]} Rxa2 {[%clk 0:16:44]} 34. Rb1 {[%clk 0:22:58]} Rc2
{[%clk 0:16:29]} 35. Rxb6 {[%clk 0:23:07]} Rxc3 {[%clk 0:16:52]} 36. Ke2
{[%clk 0:23:26]} Rc2+ {[%clk 0:16:31]} 37. Ke3 {[%clk 0:23:47]} Kh6
{[%clk 0:12:08]} 38. Rb7 {[%clk 0:23:40]} g5 {[%clk 0:11:11]} 39. Rc7
{[%clk 0:23:07]} Kg6 {[%clk 0:10:05]} 40. g4 {[%clk 0:22:26]} h5 {[%clk 0:07:52]}
1/2-1/2

[Event "EYCC 2024 - G14"]
[Site "?"]
[Date "2024.08.26"]
[Round "5.13"]
[White "Ulmer, Maya Vissing"]
[Black "Andries, Leia"]
[Result "0-1"]
[BlackElo "1937"]
[WhiteElo "1676"]
[LiveChessVersion "1.4.8"]

1. d4 {[%clk 1:30:58]} Nf6 {[%clk 1:30:57]} 2. c4 {[%clk 1:31:25]} e6
{[%clk 1:31:24]} 3. Nf3 {[%clk 1:31:51]} Bb4+ {[%clk 1:31:50]} 4. Bd2
{[%clk 1:32:13]} Qe7 {[%clk 1:32:15]} 5. a3 {[%clk 1:32:16]} Bxd2+
{[%clk 1:32:38]} 6. Qxd2 {[%clk 1:32:30]} d6 {[%clk 1:32:54]} 7. Nc3
{[%clk 1:31:07]} O-O {[%clk 1:32:56]} 8. e3 {[%clk 1:31:03]} e5 {[%clk 1:32:44]}
9. Qc2 {[%clk 1:24:27]} Nbd7 {[%clk 1:29:05]} 10. Bd3 {[%clk 1:16:40]} Re8
{[%clk 1:28:09]} 11. dxe5 {[%clk 1:12:49]} dxe5 {[%clk 1:27:00]} 12. Nd2
{[%clk 1:06:03]} c6 {[%clk 1:16:07]} 13. O-O {[%clk 0:51:42]} Nf8
{[%clk 1:07:47]} 14. Bf5 {[%clk 0:44:10]} Ng6 {[%clk 0:57:49]} 15. Bxc8
{[%clk 0:42:01]} Raxc8 {[%clk 0:57:08]} 16. Nde4 {[%clk 0:38:34]} Nxe4
{[%clk 0:44:44]} 17. Qxe4 {[%clk 0:38:03]} Qg5 {[%clk 0:39:31]} 18. Qf3
{[%clk 0:34:02]} f5 {[%clk 0:23:37]} 19. Qg3 {[%clk 0:29:58]} Qf6
{[%clk 0:22:21]} 20. f3 {[%clk 0:21:09]} Qe6 {[%clk 0:15:39]} 21. Qh3
{[%clk 0:01:29]} Rf8 {[%clk 0:15:07]} 22. e4 {[%clk 0:01:25]} Nf4
{[%clk 0:15:00]} 23. Qh4 {[%clk 0:00:34]} Qxc4 {[%clk 0:14:06]} 24. Qe7
{[%clk 0:00:41]} Qd4+ {[%clk 0:14:04]} 25. Kh1 {[%clk 0:00:42]} Rf7
{[%clk 0:13:14]} 26. Qg5 {[%clk 0:00:41]} h6 {[%clk 0:10:54]} 27. Qg3
{[%clk 0:00:41]} Rf6 {[%clk 0:09:30]} 28. exf5 {[%clk 0:00:32]} Rxf5
{[%clk 0:09:41]} 29. Rad1 {[%clk 0:00:40]} Qb6 {[%clk 0:09:01]} 30. Rd2
{[%clk 0:00:45]} Rd8 {[%clk 0:08:37]} 31. Rdf2 {[%clk 0:00:32]} Rg5
{[%clk 0:07:18]} 32. Qh4 {[%clk 0:00:32]} Rd4 {[%clk 0:07:09]} 33. Ne4
{[%clk 0:00:39]} Rh5 {[%clk 0:05:33]} 34. Qe7 {[%clk 0:00:48]} Rf5
{[%clk 0:00:59]} 35. Qe8+ {[%clk 0:00:54]} Rf8 {[%clk 0:01:15]} 36. Qxe5
{[%clk 0:01:08]} Nd3 {[%clk 0:01:11]} 37. Qe6+ {[%clk 0:01:03]} Kh8
{[%clk 0:01:22]} 38. Qe7 {[%clk 0:01:03]} Nxf2+ {[%clk 0:01:37]} 39. Nxf2
{[%clk 0:01:20]} Rdd8 {[%clk 0:01:57]} 40. Qe2 {[%clk 0:00:59]} Rfe8
{[%clk 0:02:14]} 41. Qc2 {[%clk 0:01:12]} Qe3 {[%clk 0:02:22]} 42. Ne4
{[%clk 0:00:55]} Qd3 {[%clk 0:01:57]} 43. Qxd3 {[%clk 0:00:59]} Rxd3
{[%clk 0:02:22]} 44. h3 {[%clk 0:00:56]} Rb3 {[%clk 0:02:39]} 45. Rb1
{[%clk 0:01:03]} Re5 {[%clk 0:02:51]} 46. Nd6 {[%clk 0:00:39]} Re2
{[%clk 0:03:03]} 47. Nc4 {[%clk 0:00:32]} Rc2 {[%clk 0:03:08]} 48. Nd6
{[%clk 0:00:33]} Rbxb2 {[%clk 0:03:25]} 0-1

[Event "EYCC 2024 - G14"]
[Site "?"]
[Date "2024.08.26"]
[Round "5.14"]
[White "Huseynova, Dinara"]
[Black "Gunasti, Latife Yade"]
[Result "0-1"]
[BlackElo "1704"]
[WhiteElo "1923"]
[LiveChessVersion "1.4.8"]

1. Nf3 {[%clk 1:30:44]} g6 {[%clk 1:30:51]} 2. d4 {[%clk 1:31:06]} Bg7
{[%clk 1:31:09]} 3. Nc3 {[%clk 1:31:27]} d6 {[%clk 1:31:14]} 4. e4
{[%clk 1:31:47]} Nf6 {[%clk 1:29:41]} 5. Bg5 {[%clk 1:32:09]} h6 {[%clk 1:29:13]}
6. Be3 {[%clk 1:31:38]} O-O {[%clk 1:28:40]} 7. h3 {[%clk 1:32:03]} Nc6
{[%clk 1:27:12]} 8. Qd2 {[%clk 1:32:01]} Kh7 {[%clk 1:26:18]} 9. O-O-O
{[%clk 1:31:33]} a6 {[%clk 1:23:30]} 10. g4 {[%clk 1:31:38]} Ng8 {[%clk 1:14:33]}
11. Bd3 e5 {[%clk 1:11:57]} 12. d5 {[%clk 1:27:43]} Nd4 {[%clk 1:07:08]} 13. Nh2
{[%clk 1:26:32]} c5 {[%clk 1:03:33]} 14. dxc6 {[%clk 1:22:24]} bxc6
{[%clk 1:03:39]} 15. f4 {[%clk 1:15:54]} exf4 {[%clk 0:59:51]} 16. Bxf4
{[%clk 1:14:41]} Ne6 {[%clk 0:57:41]} 17. Be3 {[%clk 1:13:31]} Qa5 18. Bc4
{[%clk 1:08:52]} Rb8 {[%clk 0:49:26]} 19. Bb3 {[%clk 1:07:03]} Rd8
{[%clk 0:46:49]} 20. Nf3 {[%clk 1:01:33]} Ne7 {[%clk 0:43:00]} 21. Na4 Qxa4
{[%clk 0:37:03]} 22. Bxa4 {[%clk 0:58:30]} Bxb2+ {[%clk 0:37:27]} 23. Kb1
{[%clk 0:58:53]} Bc3+ {[%clk 0:37:52]} 24. Kc1 {[%clk 0:59:17]} Bxd2+
{[%clk 0:38:19]} 25. Nxd2 {[%clk 0:57:04]} d5 {[%clk 0:34:12]} 26. Rhf1
{[%clk 0:48:28]} Kg7 {[%clk 0:30:26]} 27. Bb3 {[%clk 0:48:48]} c5
{[%clk 0:26:37]} 28. exd5 {[%clk 0:44:51]} Nxd5 {[%clk 0:26:33]} 29. Bxd5
{[%clk 0:40:35]} Rxd5 {[%clk 0:26:58]} 30. Nc4 {[%clk 0:40:48]} Rxd1+
{[%clk 0:25:08]} 31. Rxd1 {[%clk 0:40:35]} Bb7 {[%clk 0:23:59]} 32. Ne5
{[%clk 0:34:11]} Be4 {[%clk 0:22:27]} 33. Rd6 {[%clk 0:33:20]} g5
{[%clk 0:16:15]} 34. Bd2 {[%clk 0:26:45]} Nd4 {[%clk 0:14:04]} 35. Bc3
{[%clk 0:25:51]} Ne2+ {[%clk 0:13:25]} 36. Kd2 {[%clk 0:26:17]} Nxc3
{[%clk 0:13:49]} 37. Kxc3 {[%clk 0:26:46]} a5 {[%clk 0:12:41]} 38. Ra6
{[%clk 0:23:23]} Re8 {[%clk 0:11:50]} 39. Nd3 {[%clk 0:22:32]} c4
{[%clk 0:10:04]} 40. Nf2 {[%clk 0:21:35]} Bg6 {[%clk 0:09:56]} 41. Kd2
{[%clk 0:15:29]} c3+ {[%clk 0:07:09]} 42. Kd1 {[%clk 0:13:33]} Rd8+
{[%clk 0:06:53]} 43. Kc1 {[%clk 0:12:49]} Rd2 {[%clk 0:06:40]} 44. Nd3
{[%clk 0:13:16]} Rh2 {[%clk 0:06:10]} 45. Ne1 {[%clk 0:13:24]} Rxh3
{[%clk 0:05:41]} 46. Rxa5 {[%clk 0:13:50]} Rh1 {[%clk 0:06:07]} 47. Kd1
{[%clk 0:14:12]} Bxc2+ {[%clk 0:05:54]} 48. Kxc2 {[%clk 0:14:41]} Rxe1
{[%clk 0:06:18]} 49. Ra4 {[%clk 0:14:36]} h5 {[%clk 0:06:19]} 50. gxh5
{[%clk 0:15:01]} Kh6 {[%clk 0:06:46]} 51. Kxc3 {[%clk 0:14:59]} Kxh5
{[%clk 0:07:13]} 52. Ra8 {[%clk 0:15:12]} f5 {[%clk 0:07:39]} 53. a4
{[%clk 0:15:39]} f4 {[%clk 0:07:52]} 54. Kd2 {[%clk 0:15:55]} Ra1
{[%clk 0:08:06]} 55. a5 {[%clk 0:16:20]} Kg4 {[%clk 0:08:30]} 56. a6
{[%clk 0:16:34]} Kf3 {[%clk 0:08:43]} 57. a7 {[%clk 0:16:15]} g4 {[%clk 0:09:08]}
58. Rb8 {[%clk 0:16:13]} Rxa7 {[%clk 0:09:33]} 59. Rb3+ {[%clk 0:16:39]} Kg2
{[%clk 0:09:58]} 60. Rb2 {[%clk 0:17:04]} Re7 {[%clk 0:09:46]} 0-1